International economic sanctions: the cases of Cuba, Israel, and Rhodesia (Record no. 309)

MARC details
000 -LEADER
fixed length control field 00800nam a2200193 a 4500
008 - FIXED-LENGTH DATA ELEMENTS--GENERAL INFORMATION
fixed length control field 120717s1979 ||||||||||||||||| || u
020 ## - INTERNATIONAL STANDARD BOOK NUMBER
International Standard Book Number 0826305008
050 ## - LIBRARY OF CONGRESS CALL NUMBER
Classification number HF 1416 Los
100 ## - MAIN ENTRY--PERSONAL NAME
Personal name Losman, Donald L
245 10 - TITLE STATEMENT
Title International economic sanctions: the cases of Cuba, Israel, and Rhodesia
Statement of responsibility, etc. by Donald L. Losman
260 ## - PUBLICATION, DISTRIBUTION, ETC.
Place of publication, distribution, etc. Albuquerque:
Name of publisher, distributor, etc. University of New Mexico Press
Date of publication, distribution, etc. 1979
300 ## - PHYSICAL DESCRIPTION
Extent xi, 156p.: ill.
500 ## - GENERAL NOTE
General note Bibliography
650 ## - SUBJECT ADDED ENTRY--TOPICAL TERM
Topical term or geographic name entry element BOYCOTT--CASE STUDIES
650 ## - SUBJECT ADDED ENTRY--TOPICAL TERM
Topical term or geographic name entry element INTERNATIONAL ECONOMIC RELATIONS--CASE STUDIES
650 ## - SUBJECT ADDED ENTRY--TOPICAL TERM
Topical term or geographic name entry element COMMERCIAL POLICY--CASE STUDIES
650 ## - SUBJECT ADDED ENTRY--TOPICAL TERM
Topical term or geographic name entry element SANCTIONS (INTERNATIONAL LAW)--CASE STUDIES
995 ## -
-- SPECIAL COLLECTIONS
-- 500020
-- CBU-DAG HAMMARSKJOLD INSTITUTE LIBRARY
-- DAG HF 1416 Los
-- 1
-- AVAILABLE
-- Aug 14, 2012
-- 500020
-- DHIPS Book Collection
999 ## -
-- 309
-- 309
Holdings
Withdrawn status Lost status Source of classification or shelving scheme Damaged status Not for loan Permanent Location Current Location Shelving location Date acquired Total Checkouts Full call number Barcode Date last seen Price effective from Koha item type
          CBU-DAG HAMMARSKJOLD INSTITUTE CBU-DAG HAMMARSKJOLD INSTITUTE   11/28/2022   HF 1416 Los 500020 11/28/2022 11/28/2022 MONOGRAPH